[Event "Paracin 2018"]
[Site "Paracin, Hotel Petrus"]
[Date "2018.07.07"]
[Round "3.57"]
[White "Horton, Jamie A"]
[Black "Molnar Gabor, Roland"]
[Result "1-0"]
[WhiteElo "2189"]
[BlackElo "2034"]
[PlyCount "175"]
[EventDate "2018.07.06"]

1. e4 e5 2. Nf3 Nc6 3. Bc4 Bc5 4. c3 Nf6 5. d3 a6 6. Bb3 d6 7. Nbd2 O-O 8. O-O
h6 9. h3 Re8 10. Re1 Ba7 11. Nf1 Be6 12. Ng3 Qd7 13. Bc2 d5 14. Qe2 dxe4 15.
dxe4 Rad8 16. Nh2 Ne7 17. Nh5 Nxh5 18. Qxh5 Ng6 19. Nf3 Bc4 20. Nh2 Qe7 21. g3
Nf8 22. Ng4 Nh7 23. Qf5 Qe6 24. Qxe6 Rxe6 25. Ne3 Bd3 26. Bxd3 Rxd3 27. Kg2 Nf6
28. f3 Re8 29. h4 c6 30. Nc4 Nd7 31. Be3 Bxe3 32. Rxe3 Rxe3 33. Nxe3 Kf8 34.
Rd1 Nb6 35. Kf2 g6 36. h5 Ke7 37. hxg6 fxg6 38. Ng4 Ke6 39. Nxh6 Na4 40. Rd2
Rh8 41. Ng4 Rh1 42. Rc2 Rb1 43. b3 Nc5 44. Rd2 Rc1 45. c4 a5 46. Ke3 Re1+ 47.
Re2 Rg1 48. Kf2 Rb1 49. f4 exf4 50. gxf4 a4 51. bxa4 Nxa4 52. Rc2 Nc5 53. Kf3
Re1 54. Nf2 Rb1 55. Ke3 Re1+ 56. Kd4 b6 57. Rb2 Na4 58. Rd2 Rc1 59. Nd3 c5+ 60.
Ke3 Rxc4 61. Rg2 Rc3 62. Kd2 Ra3 63. Rxg6+ Kf7 64. Ne5+ Ke7 65. f5 Rxa2+ 66.
Kd3 b5 67. Re6+ Kf8 68. Ng6+ Kf7 69. e5 Ra3+ 70. Kd2 Ra2+ 71. Ke3 Nc3 72. Re7+
Kg8 73. Kf3 Nd5 74. Rd7 Ra3+ 75. Kg4 Ne3+ 76. Kg5 Ra1 77. Rd8+ Kh7 78. Rd7+ Kg8
79. Rd8+ Kh7 80. Rh8+ Kg7 81. f6+ Kf7 82. Rh7+ Ke6 83. Re7+ Kd5 84. f7 Rg1+ 85.
Kf4 Ng2+ 86. Kf3 Rf1+ 87. Kxg2 Rf5 88. f8=Q 1-0

[Event "Paracin 2018"]
[Site "Paracin, Hotel Petrus"]
[Date "2018.07.07"]
[Round "3.58"]
[White "Terziev, Dimo"]
[Black "Ongut, Tamas Gunes"]
[Result "1-0"]
[WhiteElo "2016"]
[BlackElo "2185"]
[PlyCount "91"]
[EventDate "2018.07.06"]

1. e4 e5 2. Nf3 Nc6 3. Bc4 Nf6 4. d3 h6 5. O-O d6 6. a4 g5 7. Nc3 Bg7 8. Nd5
Nxd5 9. Bxd5 Ne7 10. Bb3 O-O 11. Re1 Ng6 12. c3 Nf4 13. Bxf4 exf4 14. d4 Bg4
15. Qd3 Qd7 16. Nd2 Bh5 17. Nf1 Bg6 18. Qd1 Rfe8 19. f3 Kh7 20. Bc2 h5 21. h3
Re7 22. Qd2 Rae8 23. Qf2 Bh6 24. Nh2 f6 25. Rad1 a5 26. b3 d5 27. Nf1 dxe4 28.
Bxe4 Bxe4 29. fxe4 g4 30. hxg4 hxg4 31. Qc2 Kg6 32. g3 f3 33. Kf2 f5 34. e5 Rh8
35. Nh2 Bg5 36. Nxg4 Reh7 37. Qd3 Rh2+ 38. Nxh2 Rxh2+ 39. Kf1 f2 40. Re2 Qh7
41. Rxf2 Qh5 42. Rxh2 Qxh2 43. Qf3 Qc2 44. c4 Be3 45. e6 Qxb3 46. Re1 1-0

[Event "Paracin 2018"]
[Site "Paracin, Hotel Petrus"]
[Date "2018.07.07"]
[Round "3.59"]
[White "Farkas, Sandor I"]
[Black "Jigjidsuren, Purev"]
[Result "1/2-1/2"]
[WhiteElo "1998"]
[BlackElo "2183"]
[PlyCount "40"]
[EventDate "2018.07.06"]

1. d4 b6 2. e4 Bb7 3. Nc3 e6 4. Nf3 d6 5. Be2 Nf6 6. Qd3 Be7 7. O-O O-O 8. h3
Nbd7 9. Bf4 a6 10. a4 d5 11. exd5 exd5 12. Nd1 Ne4 13. Ne3 Bd6 14. Bxd6 Nxd6
15. Nf5 Qf6 16. Nxd6 Qxd6 17. c3 Rae8 18. Rae1 c6 19. Bd1 Rxe1 20. Rxe1 h6
1/2-1/2

[Event "Paracin 2018"]
[Site "Paracin, Hotel Petrus"]
[Date "2018.07.07"]
[Round "3.60"]
[White "Lopuszanski, Kamil"]
[Black "Gochev, Mladen"]
[Result "0-1"]
[WhiteElo "1984"]
[BlackElo "2181"]
[PlyCount "102"]
[EventDate "2018.07.06"]

1. d4 e6 2. c4 c5 3. d5 exd5 4. cxd5 d6 5. Nf3 g6 6. e4 Bg7 7. Bd3 a6 8. a4 Bg4
9. Nbd2 Nd7 10. Nc4 Ne5 11. Ncxe5 Bxe5 12. h3 Bxf3 13. Qxf3 Qf6 14. Qxf6 Nxf6
15. O-O O-O 16. Re1 Rfe8 17. Bd2 Rac8 18. Bc3 Nd7 19. Rac1 c4 20. Bc2 Nc5 21.
Bxe5 dxe5 22. f3 b5 23. axb5 axb5 24. Ra1 Ra8 25. Kf1 Kf8 26. Reb1 b4 27. Ke2
Ke7 28. Ke3 Kd6 29. g3 Reb8 30. Bd1 f5 31. Be2 Rxa1 32. Rxa1 c3 33. bxc3 bxc3
34. Rc1 Rb3 35. Bc4 Ra3 36. Rc2 fxe4 37. fxe4 Kc7 38. h4 h6 39. g4 g5 40. hxg5
hxg5 41. Bd3 Kb6 42. Ke2 Ka5 43. Rc1 Kb4 44. Bc2 Kc4 45. Ke3 Ra2 46. Kf3 Rxc2
47. Rxc2 Kd3 48. Rh2 c2 49. Rh1 Kd2 50. Rh2+ Kc3 51. Rh1 Kb2 0-1

[Event "Paracin 2018"]
[Site "Paracin, Hotel Petrus"]
[Date "2018.07.07"]
[Round "3.61"]
[White "Todorov, Kaloyan"]
[Black "Dezelin, Milan"]
[Result "1-0"]
[WhiteElo "1977"]
[BlackElo "2146"]
[PlyCount "61"]
[EventDate "2018.07.06"]

1. e4 c5 2. Nf3 Nc6 3. d4 cxd4 4. Nxd4 Nf6 5. Nc3 g6 6. Be2 Bg7 7. Be3 O-O 8.
Qd2 d5 9. exd5 Nxd5 10. Nxd5 Nxd4 11. Bxd4 Qxd5 12. Bxg7 Qxg2 13. Qd4 e5 14.
Qxe5 Qxh1+ 15. Kd2 Rd8+ 16. Bd3 Qd5 17. Bf6 Qxe5 18. Bxe5 Bf5 19. Re1 Rd5 20.
Re3 Re8 21. f4 Re6 22. Ke2 f6 23. Bc4 Rc5 24. Bxe6+ Bxe6 25. Bxf6 Rxc2+ 26. Kd1
Bf5 27. Re7 Rxh2 28. Rxb7 h5 29. Rg7+ Kf8 30. Rh7 Be6 31. Ke1 1-0

[Event "Paracin 2018"]
[Site "Paracin, Hotel Petrus"]
[Date "2018.07.07"]
[Round "3.62"]
[White "Sultan, Ibrahim"]
[Black "Mehmed, Elif"]
[Result "0-1"]
[WhiteElo "2126"]
[BlackElo "1973"]
[PlyCount "56"]
[EventDate "2018.07.06"]

1. d4 d5 2. c4 e6 3. Nf3 c6 4. g3 dxc4 5. Bg2 b5 6. O-O Bb7 7. a4 a6 8. Ne5 Bd6
9. Nc3 Qb6 10. Ne4 Be7 11. b3 cxb3 12. Qxb3 h6 13. Bb2 Nf6 14. Nd3 Nxe4 15.
Bxe4 Nd7 16. axb5 Nf6 17. f3 cxb5 18. Ne5 O-O 19. Bb1 Rfd8 20. e3 Rac8 21. Qd3
Bd5 22. Rf2 a5 23. g4 Bd6 24. Nxf7 Kxf7 25. Qg6+ Kf8 26. e4 Bf4 27. Kg2 Bc6 28.
d5 Be8 0-1

[Event "Paracin 2018"]
[Site "Paracin, Hotel Petrus"]
[Date "2018.07.07"]
[Round "3.63"]
[White "Alivodic, Dario"]
[Black "Petrov, Georgi"]
[Result "0-1"]
[WhiteElo "1930"]
[BlackElo "2213"]
[PlyCount "120"]
[EventDate "2018.07.06"]

1. d4 Nf6 2. Nf3 d5 3. c4 e6 4. Nc3 c6 5. Bg5 Be7 6. e3 O-O 7. Qc2 Na6 8. a3
Nc7 9. Rc1 h6 10. Bh4 Bd7 11. Be2 Rc8 12. O-O Nh5 13. Bxe7 Qxe7 14. Ne5 Nf6 15.
c5 Rfd8 16. f4 Be8 17. Rf3 Nd7 18. g4 f6 19. Nxd7 Bxd7 20. e4 e5 21. dxe5 Qxc5+
22. Rf2 fxe5 23. fxe5 Rf8 24. Bd1 d4 25. Nd5 Qxc2 26. Ne7+ Kh7 27. Rcxc2 Rxf2
28. Kxf2 Re8 29. Nf5 Bxf5 30. gxf5 Rxe5 31. Kf3 Re7 32. Rc4 Rd7 33. Ke2 Na6 34.
Kd3 c5 35. Ba4 Rc7 36. b4 b6 37. e5 Kg8 38. Ke4 Kf7 39. Kd5 cxb4 40. axb4 Rxc4
41. Kxc4 d3 42. Bb3 Ke7 43. h4 d2 44. Kc3 Nb8 45. Kxd2 Nc6 46. Kd3 Nxe5+ 47.
Ke4 Kd6 48. h5 Nd7 49. Bf7 a5 50. bxa5 bxa5 51. f6 Nxf6+ 52. Kf5 Ke7 53. Kg6
Kf8 54. Bb3 Ne4 55. Kf5 Nc3 56. Kg6 a4 57. Bc4 a3 58. Kh7 a2 59. Bg8 a1=Q 60.
Kg6 Ne4 0-1

[Event "Paracin 2018"]
[Site "Paracin, Hotel Petrus"]
[Date "2018.07.07"]
[Round "3.64"]
[White "Uysal, Burak"]
[Black "Bilic, Milanko"]
[Result "1-0"]
[WhiteElo "2185"]
[BlackElo "2066"]
[PlyCount "53"]
[EventDate "2018.07.06"]

1. e4 d6 2. d4 Nf6 3. Nc3 e5 4. Nf3 Nbd7 5. Bc4 Be7 6. a4 O-O 7. O-O c6 8. h3
b6 9. Qe2 Qc7 10. Rd1 Bb7 11. Ba2 a6 12. Nh4 Rfe8 13. Nf5 exd4 14. Rxd4 d5 15.
Nxe7+ Rxe7 16. Bg5 c5 17. Rxd5 Rae8 18. Rd3 h6 19. Bh4 Bxe4 20. Re3 g5 21. Bg3
Qd8 22. Bd6 Re6 23. Bxe6 Rxe6 24. Nxe4 Nd5 25. Rd3 N7f6 26. Nxf6+ Nxf6 27. Qd1
1-0

[Event "Paracin 2018"]
[Site "Paracin, Hotel Petrus"]
[Date "2018.07.07"]
[Round "3.65"]
[White "Stojanovic, Sreten"]
[Black "Ersahin, Bulent"]
[Result "0-1"]
[WhiteElo "2060"]
[BlackElo "2179"]
[PlyCount "78"]
[EventDate "2018.07.06"]

1. e4 c5 2. Nf3 d6 3. c3 Nf6 4. Bc4 e6 5. e5 dxe5 6. Nxe5 Be7 7. Bb5+ Nbd7 8.
d4 O-O 9. Nxd7 Bxd7 10. Bxd7 Qxd7 11. Be3 Rfd8 12. Qc2 Nd5 13. Nd2 Rac8 14. Nf3
Bf6 15. O-O-O Qc7 16. Kb1 b5 17. Bg5 cxd4 18. Bxf6 Nxf6 19. Nxd4 a6 20. g3 h6
21. f4 Nd5 22. Rhe1 b4 23. cxb4 Qb6 24. Qb3 Nxf4 25. b5 Rxd4 26. Rxd4 Qxd4 27.
gxf4 axb5 28. a3 Qxf4 29. Qxb5 Qxh2 30. Qe2 Qh3 31. Ka2 h5 32. Qe4 Rb8 33. b4
Qc3 34. Re2 Rc8 35. Rb2 Rc4 36. Qa8+ Kh7 37. b5 Rd4 38. Qg2 Qc4+ 39. Rb3 Rd5
0-1

[Event "Paracin 2018"]
[Site "Paracin, Hotel Petrus"]
[Date "2018.07.07"]
[Round "3.66"]
[White "Peycheva, Gergana"]
[Black "Srdanovic, Jovana"]
[Result "1-0"]
[WhiteElo "2157"]
[BlackElo "2064"]
[PlyCount "111"]
[EventDate "2018.07.06"]

1. d4 Nf6 2. c4 d6 3. Nc3 Nbd7 4. e4 e5 5. d5 Nc5 6. f3 a5 7. Be3 Be7 8. Qd2
O-O 9. O-O-O h6 10. Be2 Nh7 11. g4 Bg5 12. Kb1 Bxe3 13. Qxe3 Bd7 14. h4 Qe7 15.
Rd2 c6 16. Bf1 Rfb8 17. Nge2 Nf8 18. Ng3 Ng6 19. g5 Nf4 20. Nce2 Nxe2 21. Bxe2
hxg5 22. hxg5 g6 23. Rhd1 cxd5 24. Rxd5 Bc6 25. Rxd6 Ne6 26. Nf1 Qxg5 27. Qxg5
Nxg5 28. Ne3 Re8 29. Nd5 Bxd5 30. R1xd5 Re7 31. Bd1 Kg7 32. Kc2 Ne6 33. Kc3 Nc7
34. Rc5 f6 35. Rb6 Ne6 36. Rd5 Nd4 37. a3 Rc7 38. Rdd6 Rf7 39. Kd3 g5 40. c5
Rh8 41. Bb3 Nxb3 42. Rxb3 Rc7 43. Rbb6 Rf8 44. b4 axb4 45. axb4 Rcf7 46. b5 Ra8
47. c6 bxc6 48. Rbxc6 Ra3+ 49. Ke2 Ra2+ 50. Ke3 f5 51. Rg6+ Kh7 52. Rxg5 Rfa7
53. exf5 R7a3+ 54. Ke4 Re2+ 55. Kd5 Rxf3 56. Rc7+ 1-0

[Event "Paracin 2018"]
[Site "Paracin, Hotel Petrus"]
[Date "2018.07.07"]
[Round "3.68"]
[White "Pajcin, Lav"]
[Black "Toncheva, Nadya"]
[Result "0-1"]
[WhiteElo "2130"]
[BlackElo "1975"]
[PlyCount "104"]
[EventDate "2018.07.06"]

1. e4 c5 2. Nf3 Nc6 3. d3 g6 4. c3 Bg7 5. Be3 d6 6. Be2 e5 7. d4 exd4 8. cxd4
Nge7 9. Nc3 b6 10. O-O O-O 11. Qd2 f5 12. Bh6 fxe4 13. Bxg7 exf3 14. Bxf8 fxe2
15. Qxe2 Qxf8 16. dxc5 bxc5 17. Rfe1 Bd7 18. Rad1 Nf5 19. Qf3 Rb8 20. Rd2 Ncd4
21. Qd5+ Qf7 22. Qxf7+ Kxf7 23. f3 Bc6 24. Kf2 Re8 25. Rxe8 Kxe8 26. b3 Kd7 27.
Nd1 d5 28. b4 Kd6 29. bxc5+ Kxc5 30. Rb2 Ne6 31. Rb8 d4 32. Nb2 Bd5 33. a3 Nd6
34. Rb4 Bc4 35. g3 Kd5 36. Rb8 Nc5 37. Ke1 Nd3+ 38. Nxd3 Bxd3 39. Kd2 Bf5 40.
Ra8 Nc4+ 41. Kd1 a5 42. Ra7 h5 43. Kc1 d3 44. Ra8 Kd4 45. Rd8+ Kc3 46. Kd1 d2
47. Ke2 Bc2 48. g4 d1=Q+ 49. Rxd1 Bxd1+ 50. Kxd1 hxg4 51. fxg4 Ne3+ 52. Ke2
Nxg4 0-1

[Event "Paracin 2018"]
[Site "Paracin, Hotel Petrus"]
[Date "2018.07.07"]
[Round "3.69"]
[White "Kolbert, Engelbert"]
[Black "Lea, Daniel J"]
[Result "1-0"]
[WhiteElo "2124"]
[BlackElo "1973"]
[PlyCount "101"]
[EventDate "2018.07.06"]

1. e4 e6 2. d4 d5 3. Nc3 dxe4 4. Nxe4 Nd7 5. Nf3 Ngf6 6. Nxf6+ Nxf6 7. Bd3 c5
8. Be3 Qb6 9. O-O Bd7 10. Ne5 cxd4 11. Nc4 Qc5 12. b4 Qd5 13. Bf4 Bc6 14. f3
Bxb4 15. Rb1 Be7 16. Re1 O-O 17. Re5 Qd8 18. Qe1 Nd5 19. Bd2 Bf6 20. Rh5 g6 21.
Ne5 Bg7 22. Rh3 Ne3 23. Bxe3 Bxe5 24. Bh6 Bg7 25. Bxg7 Kxg7 26. Qe5+ f6 27. Qf4
Qd7 28. Qh6+ Kg8 29. Rg3 Qg7 30. Qd2 e5 31. h4 Rad8 32. h5 g5 33. h6 Qe7 34.
Bf5 Bd5 35. f4 exf4 36. Qxf4 Kh8 37. Qf2 Rfe8 38. a4 b6 39. Bd3 Qe5 40. Rf1 Rd6
41. Rg4 Bb7 42. Bf5 Re7 43. Rd1 d3 44. Bxd3 Ba6 45. Re4 Qxe4 46. Bxe4 Rxd1+ 47.
Kh2 Rd6 48. Qg3 Rd8 49. Qf3 Rf8 50. Qa3 Ree8 51. Bc6 1-0

[Event "Paracin 2018"]
[Site "Paracin, Hotel Petrus"]
[Date "2018.07.07"]
[Round "3.70"]
[White "Djokic, Slavoljub"]
[Black "Ahmed, Fareed"]
[Result "1/2-1/2"]
[WhiteElo "2118"]
[BlackElo "1953"]
[PlyCount "42"]
[EventDate "2018.07.06"]

1. c4 Nf6 2. Nc3 c5 3. Nf3 Nc6 4. g3 d5 5. cxd5 Nxd5 6. Bg2 e6 7. O-O Be7 8. d3
O-O 9. Bd2 b6 10. Nxd5 exd5 11. Bc3 Be6 12. d4 c4 13. b3 b5 14. bxc4 dxc4 15.
e4 b4 16. d5 bxc3 17. dxe6 fxe6 18. Qa4 Nd4 19. Nxd4 Qxd4 20. Rad1 Qb6 21. Qxc4
Rac8 1/2-1/2

[Event "Paracin 2018"]
[Site "Paracin, Hotel Petrus"]
[Date "2018.07.07"]
[Round "3.71"]
[White "Zlatanovic, Zoran"]
[Black "Vujcic, Milena"]
[Result "1/2-1/2"]
[WhiteElo "2108"]
[BlackElo "1911"]
[PlyCount "41"]
[EventDate "2018.07.06"]

1. Nf3 Nf6 2. g3 g6 3. Bg2 Bg7 4. O-O O-O 5. d3 d6 6. c4 c5 7. Nc3 Nc6 8. e3 a6
9. a3 Rb8 10. Qc2 Bd7 11. Bd2 b5 12. Nd5 e6 13. Nxf6+ Bxf6 14. Bc3 Bxc3 15.
Qxc3 b4 16. Qd2 Qe7 17. Rfe1 a5 18. d4 cxd4 19. exd4 Qf6 20. Rab1 bxa3 21. bxa3
1/2-1/2

[Event "Paracin 2018"]
[Site "Paracin, Hotel Petrus"]
[Date "2018.07.07"]
[Round "3.72"]
[White "Yerden, Huseyin Eren"]
[Black "Stankovic, Milos M"]
[Result "1-0"]
[WhiteElo "2022"]
[BlackElo "2100"]
[PlyCount "79"]
[EventDate "2018.07.06"]

1. d4 Nf6 2. c4 g6 3. g3 Bg7 4. Bg2 d5 5. cxd5 Nxd5 6. e4 Nb6 7. Ne2 O-O 8. O-O
Nc6 9. e5 Nb4 10. a3 N4d5 11. Nbc3 c6 12. h3 h6 13. Ne4 Nc7 14. Be3 Nbd5 15.
Qd2 Nxe3 16. Qxe3 Nd5 17. Qd2 b6 18. Rfc1 Bb7 19. Nf4 Nxf4 20. Qxf4 Qd7 21. Rd1
Rfd8 22. Rac1 Rac8 23. g4 Qe6 24. b4 Rd7 25. Bf1 g5 26. Qe3 Rcd8 27. Bc4 Qg6
28. Ng3 e6 29. Bd3 f5 30. gxf5 Qe8 31. fxe6 Rxd4 32. Bh7+ Kxh7 33. Rxd4 Rxd4
34. Qxd4 Qxe6 35. Qe4+ Kh8 36. b5 Qxh3 37. bxc6 Bc8 38. Rd1 Kg8 39. Qg6 Kf8 40.
Rd8+ 1-0

[Event "Paracin 2018"]
[Site "Paracin, Hotel Petrus"]
[Date "2018.07.07"]
[Round "3.73"]
[White "Milanovic, Maja"]
[Black "Tarun, V Kanth"]
[Result "1/2-1/2"]
[WhiteElo "1955"]
[BlackElo "2086"]
[PlyCount "44"]
[EventDate "2018.07.06"]

1. e4 e6 2. d4 d5 3. Nc3 Bb4 4. Nge2 dxe4 5. a3 Be7 6. Nxe4 Nf6 7. Qd3 O-O 8.
Bf4 Nbd7 9. N2c3 Nxe4 10. Qxe4 Nf6 11. Qe3 Bd7 12. O-O-O Bc6 13. f3 a6 14. Bc4
Qd7 15. g4 b5 16. Bd3 b4 17. axb4 Bxb4 18. g5 Nd5 19. Nxd5 Qxd5 20. Qe4 Qxe4
21. fxe4 Bd6 22. Rhf1 a5 1/2-1/2

[Event "Paracin 2018"]
[Site "Paracin, Hotel Petrus"]
[Date "2018.07.07"]
[Round "3.74"]
[White "Mijatovic, Dusan"]
[Black "Murgul, Nenad"]
[Result "1-0"]
[WhiteElo "2071"]
[BlackElo "1851"]
[PlyCount "75"]
[EventDate "2018.07.06"]

1. e4 c5 2. Nf3 e6 3. Qe2 Nc6 4. g3 g6 5. Bg2 Bg7 6. O-O Nge7 7. c3 O-O 8. d3
Qc7 9. Re1 d6 10. Nbd2 a6 11. Nf1 b5 12. Be3 Bb7 13. d4 cxd4 14. cxd4 d5 15. e5
Nf5 16. Red1 Rac8 17. Bf4 Qb6 18. Qd2 Qa5 19. Qe2 Bh6 20. Bxh6 Nxh6 21. Ne3 Rc7
22. a3 Rfc8 23. b4 Qb6 24. Qd2 Kg7 25. h4 a5 26. Bh3 a4 27. h5 Ba6 28. Ng4 Nxg4
29. Bxg4 Ne7 30. h6+ Kg8 31. Qf4 Nf5 32. Bh3 Rc3 33. Kg2 Qd8 34. Ng5 Qf8 35.
Bxf5 exf5 36. Re1 Qxh6 37. Rh1 Qg7 38. Rxh7 1-0